000
00276nam a2200109Ia 4500
008
190216s9999||||xx |||||||||||||| ||und||
100
_a
Mamoria C.B &mamoria S
245
0
_a
Business Planning And Policy
260
_b
Sulthan Chand&Sons
_c
1987
300
_a
664p
942
_c
BK
999
_c
5516
_d
5516